Les prénoms en "el", "èle", "ell" et "elle" - Statistiques

Statistiques générales
  • Ce quiz a été pris 363 fois
    209 depuis la dernière actualisation
  • Le résultat moyen est 28 sur 81
Statistiques - réponses
Initiale Prénom % Correct
D Daniel
73%
M Maël
70%
D Danielle
69%
G Gaël
67%
G Gabriel
65%
G Gaëlle
64%
M Maëlle
63%
J Joël
62%
M Michel
62%
N Noël
62%
G Gabrielle
59%
I Isabelle
58%
C Christelle
55%
A Adèle
54%
N Naël
54%
Y Yaël
54%
E Estelle
53%
A Armel
51%
M Michèle
49%
A Amel
48%
A Ariel
48%
Y Yaëlle
47%
A Annabel
46%
R Raphaël
46%
A Armelle
45%
M Muriel
45%
N Naëlle
45%
A Abel
44%
A Angel
44%
A Anaël
43%
D Danièle
43%
R Raphaëlle
42%
A Arielle
40%
A Axel
40%
G Gisèle
40%
A Anaëlle
39%
A Axelle
38%
A Angèle
37%
M Marcel
35%
N Nathanaël
34%
E Emmanuel
32%
E Emmanuelle
32%
R Rachel
32%
M Marcelle
30%
S Samuel
30%
L Lionel
29%
J Janel
27%
M Manuel
27%
C Cyrielle
25%
M Michaël
25%
U Uriel
25%
G Gwenaël
24%
A Abigael
23%
C Cannelle
22%
M Manel
22%
M Manuelle
21%
C Chanel
20%
G Gwenaëlle
20%
N Nathanaëlle
20%
A Aurèle
19%
M Manelle
18%
E Ethel
17%
I Ismael
17%
P Prunelle
16%
S Sahel
16%
A Ael
15%
J Judicaël
15%
S Samuelle
13%
K Katell
12%
A Aëlle
10%
E Ezéchiel
9%
N Nell
8%
P Pharell
8%
N Nathaël
7%
A Adriel
6%
E Erell
6%
G Gretel
6%
P Pavel
6%
C Cybèle
4%
T Timaël
4%
S Shirel
3%
Aucun quiz correspondant
Distribution des résultats
% des personnes avec chaque résultat
Percentile par nombre de réponses
Votre historique - résultats
Vous n’avez pas pris ce quiz depuis la dernière actualisation